The Cambridge guide to world theatre (Record no. 36634)

MARC details
000 -LEADER
fixed length control field 00525nam a2200145 a 4500
008 - FIXED-LENGTH DATA ELEMENTS--GENERAL INFORMATION
fixed length control field 120416s1988 ||||||||||||||||| || u
020 ## - INTERNATIONAL STANDARD BOOK NUMBER
International Standard Book Number 0521265959
050 ## - LIBRARY OF CONGRESS CALL NUMBER
Classification number PN 2035 Cam
100 ## - MAIN ENTRY--PERSONAL NAME
Personal name Banham, Martin
245 14 - TITLE STATEMENT
Title The Cambridge guide to world theatre
Statement of responsibility, etc. edited by Martin Banham
260 ## - PUBLICATION, DISTRIBUTION, ETC.
Place of publication, distribution, etc. Cambridge:
Name of publisher, distributor, etc. The University Press
Date of publication, distribution, etc. 1988
350 ## - PRICE (NR) (BK AM CF MU VM SE) [OBSOLETE]
Price 0.00
650 ## - SUBJECT ADDED ENTRY--TOPICAL TERM
Topical term or geographic name entry element THEATER--DICTIONARIES
995 ## - RECOMMENDATION 995 [LOCAL, UNIMARC FRANCE]
-- 0.00
-- CBU-MAIN LIBRARY (Kitwe)
-- 1
-- 35.00
-- 1
-- REFERENCE
-- Reference Collection
Holdings
Withdrawn status Lost status Source of classification or shelving scheme Damaged status Not for loan Home library Current library Shelving location Date acquired Total Checkouts Full call number Barcode Date last seen Price effective from Koha item type
          CBU-MAIN LIBRARY, KITWE. CBU-MAIN LIBRARY, KITWE.   11/30/2022   PN 2035 Cam 026351 11/30/2022 11/30/2022 MONOGRAPH